000 00602nam a22001937a 4500
005 20140124114033.0
010 _aB-508705-730
020 _a9781908357144
_c99.00
035 _aB-508705-730
037 _adpl
_bStar Pub/Ven
082 _aN
100 _aVerne, Jules
245 _aA Journey to the Centre of the Earth/
_cby Jules Verne
260 _aLondon
_bIBS Books
_c2012
270 _a55, Warren Strett,
_bLondon WIT
_e5NW
300 _a116p.
_bill.
_c21cm(Hb)
942 _2ddc
_cCH
_hN
_mVER
999 _c82123
_d82123